Statistics for Nathan For You General Knowledge

Click here to take the quiz!

General Stats

  • This quiz has been taken 40 times
  • The average score is 8 of 17

Answer Stats

QuestionAnswer% Correct
Nathan's last nameFielder
100%
What flavor ice cream did Nathan come up with?Poo
94%
What was guarding the 1$ televisions?Alligator
82%
Nathan used to parody law to startDumb Starbucks
79%
The specialized suit Nathan created carried what?Chili
68%
Other than the Bill Gates impersonator, what other actor impersonator did he hire?Johnny Depp
59%
Lover of Bill Gates impersonatorFrances
50%
What major corporation did Nathan try to take down?Uber
50%
A pig in the petting zoo (falsely) saved what animal?Baby Goat
41%
The Smoke Detector was sold as an instrument to avoidTariffs
41%
The struggling realtor came up with what reality TV showGhost Realtor
38%
The hot dog that Nathan attempted to help was calledPink's
35%
The toy that Nathan attempted to help was calledDoink-It
26%
What TV show was created about a security guard's obsession over breastsSimon Sees
26%
One of Nathan's producers that he doesn't likeSalomon
21%
The ghost writer for most of Nathan's editorialsAustin Bowers
9%
What's worse than death?Being listed as a sex offender
3%

Score Distribution

Percentile by Number Answered

Percent of People with Each Score

Your Score History

You have not taken this quiz